000 01601nam a22004457a 4500
001 000096545
003 CHAP
005 20220817044132.0
008 061121d2006 mx r 00110 spa d
010 _a93011
011 _a93983
035 _a104566
040 _cCHAP
090 _aTesis
100 1 _aJorge Manuel, Norma
_962114
245 1 0 _aNivel óptimo biológico y económico de lisina en dietas para cerdos en engorda /
_c/por Norma Jorge Manuel y Luis Enrique Pérez Méndez.
260 _aChapingo, Méx. :
_bEl autor,
_c2006.
300 _a67 h.
502 _aTesis (Ing. Agr. Esp. en Zootecnia) - - UACH. Departamento de Zootecnia
590 _aALEPH
_b10
_c20130110
_lUCH01
_h1514
590 _aBATCH-UPD
_b10
_c20130110
_lUCH01
_h0650
590 _aBATCH-UPD
_b10
_c20130410
_lUCH01
_h0335
590 _aBATCH-UPD
_b10
_c20130914
_lUCH01
_h1523
590 _aBATCH-UPD
_b10
_c20140324
_lUCH01
_h1459
590 _aBATCH-UPD
_b10
_c20141002
_lUCH01
_h0832
590 _aCONVERSION
_b10
_c20130109
_lUCH01
_h1351
590 _aE792CSJ
_b10
_c20130606
_lUCH01
_h1358
650 1 4 _aAminoacidos en nutricion animal.
_95342
650 1 4 _aGanado porcino
_xEngorda.
_945362
650 1 4 _aLisina.
650 1 4 _aProteínas en nutrición animal.
_992454
700 1 _aPérez Méndez, Luis Enrique.
_989854
856 _3Finding aid
_uhttp://10.13.5.2/tesis/104566.pdf
_zTeclea aquí
901 _aBK
905 _aLilia
942 _cCD
942 _n0
949 _aTesis
_bBC
_cTES
_d33724002005892
_eTS2
_fc.2
_h45949
_i104566
_sb
949 _aTesis
_bBC
_cTES
_d33724002005934
_eTS1
_h45948
_i104566
_sb
999 _c93011
_d93011